| 000 | 00000nam 2200000zi 4500 |
| 001 | 9.935970 |
| 003 | CaOODSP |
| 005 | 20250605100840 |
| 006 | m o d f |
| 007 | cr mn||||||||| |
| 008 | 240325t20242024onca ob f000 0 fre d |
| 020 | |a9780660710006 |
| 040 | |aCaOODSP|bfre|erda|cCaOODSP |
| 041 | 0 |afre|aeng |
| 043 | |an-cn--- |
| 045 | |ay2y2 |
| 086 | 1 |aCi4-226/2024F-PDF |
| 245 | 00|aCampagne publicitaire sur les services à l'intention des nouveaux arrivants 2023-2024, outil d'évaluation de campagnes publicitaires (OECP) : |brapport méthodologique / |cpréparé pour Immigration, réfugiés et citoyenneté Canada. |
| 264 | 1|a[Ottawa] : |bImmigration, réfugiés et citoyenneté Canada = Immigration, Refugees and Citizenship Canada, |c2024. |
| 264 | 4|c©2024 |
| 300 | |a1 ressource en ligne (14 pages) + |eannexe (24 pages non numérotées : illustrations en couleur) + sommaire (5 pages) |
| 336 | |atexte|btxt|2rdacontent/fre |
| 337 | |ainformatique|bc|2rdamedia/fre |
| 338 | |aressource en ligne|bcr|2rdacarrier/fre |
| 500 | |aPublié aussi en anglais sous le titre : 2023-24 newcomer services campaign advertising campaign evaluation tool (ACET): methodological report. |
| 500 | |a« Fournisseur : Advanis Inc. » |
| 500 | |a« Numéro du contrat : CW2333794. » |
| 500 | |a« Date de livraison : 21 mars 2024. » |
| 500 | |a« Numéro d'enregistrement : POR 065-23. » |
| 504 | |aComprend des rèfèrences bibliographiques. |
| 546 | |aTexte en anglais; Annexe B en anglais et en français. |
| 650 | 6|aImmigrants|xServices|zCanada|xOpinion publique. |
| 650 | 6|aRéfugiés|xServices|zCanada|xOpinion publique. |
| 650 | 6|aPublicité d'État|zCanada|xOpinion publique. |
| 650 | 6|aCampagnes publicitaires|zCanada|xOpinion publique. |
| 650 | 6|aOpinion publique|zCanada. |
| 650 | 6|aImmigrants|zCanada|xAttitudes. |
| 650 | 6|aRéfugiés|zCanada|xAttitudes. |
| 710 | 1 |aCanada. |bImmigration, réfugiés et citoyenneté Canada, |eorganisme de publication. |
| 710 | 2 |aAdvanis (Firme), |econsultant. |
| 775 | 08|t2023-24 newcomer services campaign advertising campaign evaluation tool (ACET) : |w(CaOODSP)9.935969 |
| 794 | |tOutil d’évaluation des campagnes publicitaires (OECP) de la campagne sur les services aux nouveaux arrivants 2024-25 : |w(CaOODSP)9.951984 |
| 795 | |tCampagne publicitaire sur les services à l'intention des nouveaux arrivants 2022-23 outil d'évaluation de campagnes publicitaires (OECP) : |w(CaOODSP)9.926018 |
| 856 | 40|qPDF|s440 Ko|uhttps://publications.gc.ca/collections/collection_2024/ircc/Ci4-226-2024-fra.pdf|z(rapport méthodologique) |
| 856 | 40|qPDF|s927 Ko|uhttps://publications.gc.ca/collections/collection_2024/ircc/Ci4-226-2024-1.pdf|z(annexe B) |
| 856 | 40|qPDF|s288 Ko|uhttps://publications.gc.ca/collections/collection_2024/ircc/Ci4-226-2024-2-fra.pdf|z(sommaire) |
| 856 | 4 |qHTML|sS.O.|uhttps://epe.bac-lac.gc.ca/100/200/301/pwgsc-tpsgc/por-ef/immigration_refugees/2024/065-23-f/065-23-rapport.html|z(rapport méthodologique) |
| 856 | 4 |qHTML|sS.O.|uhttps://epe.bac-lac.gc.ca/100/200/301/pwgsc-tpsgc/por-ef/immigration_refugees/2024/065-23-f/065-23-Instrument-Appendix.htm|z(annexe B) |
| 856 | 4 |qHTML|sS.O.|uhttps://epe.bac-lac.gc.ca/100/200/301/pwgsc-tpsgc/por-ef/immigration_refugees/2024/065-23-f/sommaire/065-23-sommaire.html|z(sommaire) |
| 856 | 4 |qHTML|sS.O.|uhttps://epe.bac-lac.gc.ca/100/200/301/pwgsc-tpsgc/por-ef/immigration_refugees/2024/065-23-f/index.html|z(ensemble de données complet) |